00583nam a2200193 a 450000100060000000300090000600800410001502000180005604000280007408200180010210000260012024500940014626000270024030000100026765000260027765000290030365000260033265000310035823802CO-ViMGA141112s2004 ck r 000 u spa d a9786077686309 aCO-ViMGAbspacCO-ViMGA04a658.808 M168m1 aMaqueria, Juan Manuel10aMarketing 2.0 El nuevo marketing en la web de las redes sociales / cJuan Manuel Maqueria aEspaña : bAlfaomega a208p.14aCOMERCIO ELECTRONICO 14aética DE LOS NEGOCIOS 14aMERCADO POR INTERNET 14aREDES SOCIALES - COMERCIO